[Event "Super GM"]
[Site "Sofia BUL"]
[Date "2009.05.14"]
[Round "2"]
[White "Shirov, A."]
[Black "Topalov, V."]
[Result "1/2-1/2"]
[WhiteElo "2745"]
[BlackElo "2812"]
[PlyCount "114"]
[EventDate "2009.05.13"]

1. e4 e5 2. Nf3 Nc6 3. Bb5 Nf6 4. O-O Bc5 5. c3 O-O 6. d4 Bb6 7. dxe5 Nxe4 8.
Qd5 Nc5 9. Na3 Ne7 10. Qd1 Ne4 11. Bd3 d5 12. exd6 Nxd6 13. Bg5 h6 14. Bh4 Ndf5
15. Bg3 Nxg3 16. hxg3 Nf5 17. Nc4 Qf6 18. Nxb6 axb6 19. Re1 Nd6 20. Ne5 Re8 21.
Nc4 Rxe1+ 22. Qxe1 Bf5 23. Bf1 Re8 24. Qd2 Be6 25. Nxd6 Rd8 26. Qe2 Rxd6 27. a3
Qd8 28. Qf3 c6 29. b4 b5 30. Kh2 Bb3 31. Rb1 Bd5 32. Qf4 Be6 33. Rb2 g5 34. Qe3
Rd1 35. Be2 Ra1 36. Rd2 Qf6 37. Rd6 Re1 38. Rd1 Rxd1 39. Bxd1 Bd5 40. a4 bxa4
41. Bxa4 Qe6 42. Qxe6 Bxe6 43. Kg1 Kg7 44. f4 Kf6 45. Kf2 Bd5 46. Bc2 b6 47.
Bd3 c5 48. bxc5 bxc5 49. fxg5+ hxg5 50. g4 Ke5 51. g3 Be6 52. Kf3 Kd5 53. Be2
Ke5 54. Ke3 Bd7 55. Bf3 Be6 56. Be2 Bd7 57. Bf3 Be6 1/2-1/2

[Event "Super GM"]
[Site "Sofia BUL"]
[Date "2009.05.14"]
[Round "2"]
[White "Dominguez Perez, L."]
[Black "Carlsen, M."]
[Result "1/2-1/2"]
[WhiteElo "2717"]
[BlackElo "2770"]
[PlyCount "60"]
[EventDate "2009.05.13"]

1. e4 c5 2. Nf3 d6 3. d4 cxd4 4. Nxd4 Nf6 5. Nc3 a6 6. h3 g6 7. g4 Bg7 8. Bg2
O-O 9. Be3 Nc6 10. Qd2 Bd7 11. O-O-O b5 12. f4 Rc8 13. e5 b4 14. Nce2 Nxd4 15.
Bxd4 dxe5 16. fxe5 Qa5 17. a3 Nd5 18. e6 fxe6 19. Bxg7 Kxg7 20. Bxd5 exd5 21.
Qd4+ Kg8 22. axb4 Qa2 23. Nc3 Qa1+ 24. Kd2 Qxb2 25. Rhf1 Rxf1 26. Rxf1 e6 27.
Rb1 Qa3 28. Rb3 Qa1 29. Rb1 Qa3 30. Rb3 Qa1 1/2-1/2